The Red House Mystery/ (Record no. 192742)

MARC details
000 -LEADER
fixed length control field 00570nam a22001937a 4500
005 - DATE AND TIME OF LATEST TRANSACTION
control field 20221003145008.0
010 ## - LCCN (DPL NO)
LC control number B-745754
020 ## - INTERNATIONAL STANDARD BOOK NUMBER
International Standard Book Number 9789390697434
Terms of availability 199.00
035 ## - SYSTEM CONTROL NUMBER
System control number B-745754
037 ## - SOURCE OF ACQUISITION
Source of stock number/acquisition Pharos Books
082 ## - DEWEY DECIMAL CLASSIFICATION NUMBER
Classification number S
100 ## - MAIN ENTRY--PERSONAL NAME
Personal name Milne, A. A.
245 ## - TITLE STATEMENT
Title The Red House Mystery/
Statement of responsibility, etc A. A. Milne
260 ## - PUBLICATION, DISTRIBUTION, ETC. (IMPRINT)
Place of publication, distribution, etc Delhi
Name of publisher, distributor, etc Pharos Books
Date of publication, distribution, etc 2021
270 ## - ADDRESS
Address Plot No.-55, Main Mother Dairy Road, Pandav Nagar,
City Delhi
Postal code 110092
300 ## - PHYSICAL DESCRIPTION
Extent 208p.
Dimensions 20cm(pbk)
942 ## - ADDED ENTRY ELEMENTS (KOHA)
Source of classification or shelving scheme Dewey Decimal Classification
Item type English Books
Classification part S
Call number suffix MIL
Holdings
Withdrawn status Lost status Not for loan Collection code Home library Current library Date acquired Source of acquisition Cost, normal purchase price Full call number Barcode Copy number Cost, replacement price Koha item type Public note
      Fiction Kadipur Kadipur 03/10/2022 22.9.22/Gift 199.00 S MIL B-745754 1 199.00 English Books Gift

© Delhi Public Library
Hit Counter
free hit counter